Score 0/40 Timer 05:00
0 Plays Today
% Correct
Dolce K
87.2%
Candy K
86.9%
Koko K
85.5%
Maliboo
82.8%
Posie K
82.4%
Mary Jo K
82.1%
Dirty Peach
81.4%
Kourt K
80.3%
Exposed
79.7%
True Brown K
79%
Spice
78.6%
Birthday Suit
77.9%
Kristen
77.6%
Vixen
77.2%
Ginger
76.2%
Pumpkin
74.5%
Angel
71%
Leo
69.3%
Khloe$
69%
Okkurr
67.2%
% Correct
Skylie
65.9%
Baby Girl
65.5%
Dead of Knight
63.4%
Damn Gina
63.1%
Valentine
62.4%
Gorg
62.1%
Twenty
61.4%
Merry
60%
Penelope
59.7%
Doll
59%
Moon
58.6%
Commando
58.3%
Naked
56.9%
Mink
55.9%
Bare
54.8%
Freedom
50.3%
Trick
49.3%
Bubble
45.5%
Treat
30.7%
13.1%
Remove Ads.
Support Sporcle.
Get the best of Sporcle when you Go Orange. This ad-free experience offers more features, more stats, and more fun while also helping to support Sporcle. Thank you for becoming a member.

You're not logged in!

Compare scores with friends on all Sporcle quizzes.
OR
Log In

Sporcle TV

Today on Sporcle TV


Watch our educational content, quiz creation guides, and fun videos on Sporcle TV.

Show Comments

Extras

Top Quizzes Today


Score Distribution

Paid Content

Your Account Isn't Verified!

In order to create a playlist on Sporcle, you need to verify the email address you used during registration. Go to your Sporcle Settings to finish the process.

Report this User

Report this user for behavior that violates our Community Guidelines.

Details: